[Event "Nuremberg Zabo op 17th"]
[Site "Nuremberg"]
[Date "2015.09.21"]
[Round "3"]
[White "Schatz, Christian"]
[Black "Hoffmann, Ayar"]
[Result "1-0"]
[WhiteElo "2111"]
[BlackElo "1807"]
[PlyCount "71"]
[EventDate "2015.09.21"]
[EventType "swiss"]
[EventRounds "5"]
[EventCountry "GER"]
[SourceTitle "EXT 2018"]
[Source "ChessBase"]
[SourceDate "2017.10.13"]
[SourceVersion "1"]
[SourceVersionDate "2017.10.13"]
[SourceQuality "1"]

1. Nf3 Nf6 2. d4 d5 3. c4 e6 4. Nc3 Be7 5. Bg5 0-0 6. e3 c6 7. Bd3 Nbd7 8. 0-0 h6 9. Bh4 Re8 10. Qc2 Nf8 11. Rab1 N6d7 12. Bg3 f5 13. cxd5 cxd5 14. Nxd5 Nf6 15. Nc7 Bd7 16. Nxa8 Qxa8 17. Rfc1 Bc6 18. Ne5 Bd5 19. f3 b6 20. Bb5 Nh5 21. Bc6 Bxc6 22. Qxc6 g5 23. Qxa8 Rxa8 24. Nc6 Bf6 25. Be5 Ng6 26. Bxf6 Nxf6 27. Kf2 h5 28. Rc2 Nd5 29. Ne5 Nge7 30. Rbc1 Rf8 31. a3 a5 32. Nc6 Ng6 33. b4 axb4 34. Nxb4 Nge7 35. Rc7 h4 36. Ra7 1-0

[Event "Nuremberg Zabo op 17th"]
[Site "Nuremberg"]
[Date "2015.09.21"]
[Round "1"]
[White "Steinke, Christopher"]
[Black "Hoffmann, Ayar"]
[Result "0-1"]
[WhiteElo "1223"]
[BlackElo "1807"]
[PlyCount "52"]
[EventDate "2015.09.21"]
[EventType "swiss"]
[EventRounds "5"]
[EventCountry "GER"]
[SourceTitle "EXT 2018"]
[Source "ChessBase"]
[SourceDate "2017.10.13"]
[SourceVersion "1"]
[SourceVersionDate "2017.10.13"]
[SourceQuality "1"]

1. b3 e5 2. Bb2 d6 3. e3 Nf6 4. Nf3 Be7 5. d4 e4 6. Nfd2 d5 7. Be2 0-0 8. 0-0 Be6 9. c4 c6 10. Ba3 Re8 11. Bxe7 Rxe7 12. c5 Nbd7 13. Nc3 Nf8 14. f3 exf3 15. Bxf3 Bf5 16. Bxd5 Nxd5 17. Rxf5 Nxc3 18. Qf3 Nd5 19. e4 Nf6 20. d5 cxd5 21. exd5 Qe8 22. Rf1 Re5 23. Rxf6 gxf6 24. Qg4+ Ng6 25. Rxf6 Re1+ 26. Rf1 Qe3+ 0-1

[Event "Mittelfranken-chTB1 1213"]
[Site "Germany"]
[Date "2013.01.27"]
[Round "1.6"]
[White "Hoffmann, Ayar"]
[Black "Werner, Thomas1111"]
[Result "0-1"]
[WhiteElo "1839"]
[BlackElo "1923"]
[PlyCount "106"]
[EventDate "2012.10.07"]
[EventType "team-tourn"]
[EventRounds "9"]
[EventCountry "GER"]
[SourceTitle "EXT 2019"]
[Source "ChessBase"]
[SourceDate "2018.10.10"]
[SourceVersion "1"]
[SourceVersionDate "2018.10.10"]
[SourceQuality "1"]
[WhiteTeam "Postbauer Heng"]
[BlackTeam "Nuernberg Sued SW II"]
[WhiteTeamCountry "GER"]
[BlackTeamCountry "GER"]

1. e4 c6 2. d4 d5 3. exd5 cxd5 4. Bd3 Nc6 5. c3 Qc7 6. Nf3 Bg4 7. h3 Bxf3 8. Qxf3 e6 9. Bf4 Bd6 10. Bxd6 Qxd6 11. Qg4 g6 12. Qe2 Nge7 13. 0-0 0-0 14. f4 a6 15. Nd2 f5 16. Rae1 Kf7 17. Nf3 h6 18. Ne5+ Nxe5 19. Qxe5 Qxe5 20. Rxe5 Nc6 21. Re2 b5 22. Rfe1 Rfe8 23. a3 Rab8 24. Kf2 Rb6 25. Ra1 Na5 26. b4 Nb7 27. a4 Nd6 28. Rc2 Ne4+ 29. Ke3 g5 30. fxg5 hxg5 31. axb5 axb5 32. Bxe4 dxe4 33. Ra7+ Re7 34. Rxe7+ Kxe7 35. Ra2 Kd6 36. Ra8 Kd5 37. Rd8+ Kc4 38. Rc8+ Kb3 39. Rc5 Rb8 40. g4 Rf8 41. Rxb5 Kxc3 42. Rc5+ Kxb4 43. Rc6 Rh8 44. gxf5 exf5 45. d5 Rxh3+ 46. Kd4 Rd3+ 47. Ke5 e3 48. Rc1 f4 49. Ke4 Rd2 50. Rg1 e2 51. Re1 Kc5 52. Kf3 Kxd5 53. Rg1 g4+ 0-1

[Event "Mittelfranken-chTB1 1112"]
[Site "Germany"]
[Date "2012.03.25"]
[Round "9.6"]
[White "Hoffmann, Ayar"]
[Black "Thiele, Heinz"]
[Result "1/2-1/2"]
[WhiteElo "1832"]
[BlackElo "1990"]
[PlyCount "23"]
[EventDate "2011.09.25"]
[EventType "team-tourn"]
[EventRounds "9"]
[EventCountry "GER"]
[SourceTitle "EXT 2018"]
[Source "ChessBase"]
[SourceDate "2017.10.13"]
[SourceVersion "1"]
[SourceVersionDate "2017.10.13"]
[SourceQuality "1"]
[WhiteTeam "Postbauer Heng"]
[BlackTeam "Fuerth SF"]
[WhiteTeamCountry "GER"]
[BlackTeamCountry "GER"]

1. e4 c5 2. Nf3 d6 3. c3 Nf6 4. d3 Nc6 5. Be2 g6 6. h3 Bg7 7. Be3 0-0 8. 0-0 Rb8 9. a4 a6 10. Na3 b5 11. axb5 axb5 12. Qd2 1/2-1/2

[Event "Mittelfranken-chTB1 1112"]
[Site "Germany"]
[Date "2012.02.26"]
[Round "7.6"]
[White "Hoffmann, Ayar"]
[Black "Frank, Werner1111"]
[Result "0-1"]
[WhiteElo "1832"]
[BlackElo "1853"]
[PlyCount "77"]
[EventDate "2011.09.25"]
[EventType "team-tourn"]
[EventRounds "9"]
[EventCountry "GER"]
[SourceTitle "EXT 2018"]
[Source "ChessBase"]
[SourceDate "2017.10.13"]
[SourceVersion "1"]
[SourceVersionDate "2017.10.13"]
[SourceQuality "1"]
[WhiteTeam "Postbauer Heng"]
[BlackTeam "Heilsbronn"]
[WhiteTeamCountry "GER"]
[BlackTeamCountry "GER"]

1. e4 e5 2. Nf3 d6 3. d4 f5 4. Bc4 exd4 5. Qxd4 Nc6 6. Qe3 Qe7 7. Ng5 Ne5 8. Bb3 Nh6 9. h3 c6 10. f4 Ng6 11. exf5 Bxf5 12. g4 Bd7 13. Qxe7+ Bxe7 14. f5 Ne5 15. Ne6 Bh4+ 16. Ke2 Bxe6 17. Bxe6 Nhf7 18. Nc3 d5 19. Bxf7+ Kxf7 20. Bf4 Rae8 21. Kd1 b6 22. a4 Nc4 23. b3 Ne3+ 24. Kc1 Bf6 25. Bxe3 Rxe3 26. Nd1 Re2 27. Ra2 c5 28. a5 b5 29. a6 Bg5+ 30. Kb1 Bf6 31. c4 Rxa2 32. Kxa2 bxc4 33. bxc4 d4 34. Nb2 Re8 35. Nd3 Re2+ 36. Kb3 Re3 37. Kc2 Bh4 38. Rb1 Re2+ 39. Kb3 0-1

[Event "Mittelfranken-chTB1 1011"]
[Site "Germany"]
[Date "2010.09.26"]
[Round "1.7"]
[White "Hoffmann, Ayar"]
[Black "Pranschke, Gerd"]
[Result "0-1"]
[WhiteElo "1868"]
[BlackElo "1906"]
[PlyCount "91"]
[EventDate "2010.09.26"]
[EventType "team-tourn"]
[EventRounds "9"]
[EventCountry "GER"]
[SourceTitle "EXT 2012"]
[Source "ChessBase"]
[SourceDate "2011.11.24"]
[SourceVersion "1"]
[SourceVersionDate "2011.11.24"]
[SourceQuality "1"]
[WhiteTeam "Postbauer Heng"]
[BlackTeam "Nuernberg NT III"]
[WhiteTeamCountry "GER"]
[BlackTeamCountry "GER"]

1. c4 Nf6 2. Nc3 g6 3. g3 Bg7 4. Bg2 0-0 5. Nf3 d6 6. 0-0 e5 7. d4 Nc6 8. d5 Ne7 9. e4 h6 10. h3 Ne8 11. Be3 f5 12. Qc1 Kh7 13. Nh2 Nf6 14. f3 Bd7 15. c5 g5 16. cxd6 cxd6 17. g4 fxe4 18. fxe4 Ng6 19. Ne2 Bb5 20. Qd2 Nf4 21. Bxf4 exf4 22. Rfe1 Qb6+ 23. Kh1 Nd7 24. Nc3 Ba6 25. Nf3 Ne5 26. Nxe5 Bxe5 27. Bf3 Rac8 28. Rac1 Qa5 29. a3 Rf7 30. Rc2 Rfc7 31. Rec1 Kg6 32. Kg2 Qb6 33. Na4 Rxc2 34. Rxc2 Rxc2 35. Qxc2 Qb5 36. Kh2 Qf1 37. Qg2 Qc1 38. Qf2 Kf6 39. Kg2 Qe3 40. Qxe3 fxe3 41. Bd1 e2 42. Bxe2 Bxe2 43. Kf2 Bb5 44. Nc3 Bxc3 45. bxc3 Ke5 46. Ke3 0-1

[Event "Nuremberg LGA Cup 7th"]
[Site "Nuremberg"]
[Date "2010.09.03"]
[Round "2"]
[White "Hoffmann, Ayar"]
[Black "Krauss, Josef"]
[Result "0-1"]
[WhiteElo "1782"]
[BlackElo "2105"]
[PlyCount "72"]
[EventDate "2010.09.02"]
[EventType "swiss"]
[EventRounds "7"]
[EventCountry "GER"]
[SourceTitle "CBM 138 Extra"]
[Source "ChessBase"]
[SourceDate "2010.10.29"]
[SourceVersion "1"]
[SourceVersionDate "2010.10.29"]
[SourceQuality "1"]

1. e4 d6 2. d4 Nf6 3. Bd3 e5 4. d5 Be7 5. h3 0-0 6. Nc3 c6 7. Nge2 cxd5 8. Nxd5 Nxd5 9. exd5 f5 10. c3 Nd7 11. Bc2 Bg5 12. Bxg5 Qxg5 13. Ng3 e4 14. h4 Qh6 15. Qd2 Qxd2+ 16. Kxd2 Ne5 17. b3 Bd7 18. a4 b6 19. Ne2 Rac8 20. Nd4 a5 21. c4 Rce8 22. Rae1 Ng4 23. Rhf1 g6 24. Bb1 Re5 25. f3 e3+ 26. Ke2 Nf6 27. Rd1 Nh5 28. Rfe1 f4 29. Rc1 Ng3+ 30. Kd1 Rfe8 31. Ne2 Nxe2 32. Kxe2 Kf7 33. Rh1 Kf6 34. Rh2 R5e7 35. Rd1 Bf5 36. Bxf5 gxf5 0-1

[Event "Mittelfranken-chTB1 0910"]
[Site "Mittelfranken"]
[Date "2010.01.10"]
[Round "5.7"]
[White "Koerber, Thomas"]
[Black "Hoffmann, Ayar"]
[Result "1/2-1/2"]
[WhiteElo "1871"]
[BlackElo "1840"]
[PlyCount "56"]
[EventDate "2009.10.11"]
[EventType "team-tourn"]
[EventRounds "9"]
[EventCountry "GER"]
[SourceTitle "EXT 2011"]
[Source "ChessBase"]
[SourceDate "2010.11.26"]
[SourceVersion "1"]
[SourceVersionDate "2010.11.26"]
[SourceQuality "1"]
[WhiteTeam "Fuerth SF"]
[BlackTeam "Postbauer Heng"]
[WhiteTeamCountry "GER"]
[BlackTeamCountry "GER"]

1. Nf3 d5 2. g3 Nf6 3. Bg2 g6 4. d3 Bg7 5. 0-0 0-0 6. Nbd2 Nc6 7. Re1 e5 8. e4 d4 9. Nc4 Re8 10. a4 Nd7 11. Bd2 Nb6 12. b3 f6 13. Nh4 Nxc4 14. bxc4 Be6 15. Rf1 Qd7 16. f4 exf4 17. gxf4 Bh3 18. Qf3 Bxg2 19. Qxg2 Re7 20. f5 g5 21. Nf3 h6 22. Qf2 Rd8 23. Kg2 Kf7 24. Qg3 Rh8 25. Kf2 Ke8 26. Rfb1 b6 27. a5 h5 28. axb6 cxb6 1/2-1/2

[Event "Mittelfranken-chTB1 0910"]
[Site "Mittelfranken"]
[Date "2009.10.25"]
[Round "2.7"]
[White "Roesch, Otto"]
[Black "Hoffmann, Ayar"]
[Result "1/2-1/2"]
[WhiteElo "1889"]
[BlackElo "1840"]
[PlyCount "144"]
[EventDate "2009.10.11"]
[EventType "team-tourn"]
[EventRounds "9"]
[EventCountry "GER"]
[SourceTitle "EXT 2011"]
[Source "ChessBase"]
[SourceDate "2010.11.26"]
[SourceVersion "1"]
[SourceVersionDate "2010.11.26"]
[SourceQuality "1"]
[WhiteTeam "Altensittenbach"]
[BlackTeam "Postbauer Heng"]
[WhiteTeamCountry "GER"]
[BlackTeamCountry "GER"]

1. d4 e6 2. e4 d5 3. Bd3 dxe4 4. Bxe4 Nf6 5. Bd3 Be7 6. Nf3 b6 7. Ne5 Bb7 8. Bb5+ c6 9. Be2 Nbd7 10. 0-0 0-0 11. Nf3 Qc7 12. Nbd2 c5 13. c3 Rfd8 14. Qb3 Rac8 15. Qa4 a5 16. Bb5 Nf8 17. dxc5 Bxc5 18. b4 axb4 19. cxb4 Be7 20. Bb2 Ra8 21. Qb3 Qf4 22. Be5 Qxb4 23. Qxb4 Bxb4 24. Nc4 Nd5 25. a4 Nd7 26. Bd4 Bc5 27. Bb2 Nc7 28. Bxd7 Rxd7 29. Bc3 f6 30. Rfb1 Nd5 31. Bd4 Bxd4 32. Nxd4 Ba6 33. Nb5 Bxb5 34. Rxb5 Ra6 35. g3 Rc7 36. Ne3 Nxe3 37. fxe3 Rc4 38. h4 Kf7 39. Kf2 f5 40. a5 Rxa5 41. Raxa5 bxa5 42. Rxa5 h6 43. Ra2 g5 44. hxg5 hxg5 45. Rb2 Kf6 46. Rb5 Rc2+ 47. Kf1 Kg6 48. Rb6 Kf6 49. Rb5 Rc4 50. Kf2 Rc2+ 51. Kf1 Rd2 52. Ra5 Rd5 53. Ra4 Ke5 54. Kf2 Rb5 55. Rc4 Rb2+ 56. Kf1 Rb7 57. Kf2 Rf7 58. Ra4 Re7 59. Rd4 Kf6 60. Rd6 Ra7 61. Rb6 Ra2+ 62. Kf1 Ra4 63. Rb5 f4 64. gxf4 gxf4 65. exf4 Rxf4+ 66. Ke2 Rh4 67. Ke3 Rg4 68. Kf3 Rd4 69. Ke3 Rh4 70. Ra5 e5 71. Ra8 Rh7 72. Ke4 Rh4+ 1/2-1/2

[Event "Nuremberg LGA Cup 6th"]
[Site "Nuremberg"]
[Date "2009.09.05"]
[Round "5"]
[White "Wettermann, Bernd"]
[Black "Hoffmann, Ayar"]
[Result "0-1"]
[WhiteElo "1746"]
[BlackElo "1780"]
[PlyCount "134"]
[EventDate "2009.09.03"]
[EventType "swiss"]
[EventRounds "7"]
[EventCountry "GER"]
[SourceTitle "CBM 132 Extra"]
[Source "ChessBase"]
[SourceDate "2009.11.03"]
[SourceVersion "1"]
[SourceVersionDate "2009.11.03"]
[SourceQuality "1"]

1. e4 e5 2. Nf3 d6 3. Bc4 Be7 4. c3 Nf6 5. 0-0 0-0 6. d4 exd4 7. cxd4 Nxe4 8. Re1 d5 9. Bd3 Nf6 10. Nbd2 c5 11. dxc5 Bxc5 12. Nb3 Bb6 13. Bg5 Bg4 14. h3 Bh5 15. Be2 Nbd7 16. Nbd4 Re8 17. Bb5 Rxe1+ 18. Qxe1 Qf8 19. Qc3 Ne4 20. Qb3 Nxg5 21. Nxg5 Nf6 22. Ngf3 Bxf3 23. Nxf3 Qc5 24. Rf1 Ne4 25. Ne5 Nd2 26. Qc3 Qxc3 27. bxc3 Nxf1 28. Kxf1 Bc7 29. Nd3 a6 30. Ba4 Ba5 31. Bb3 Bxc3 32. Bxd5 Rd8 33. Be4 b6 34. Ke2 g6 35. Bb7 a5 36. Ba6 Rd4 37. Bb5 f6 38. a4 Kf8 39. Ke3 Rd6 40. Nf4 Be5 41. Nd3 Ke7 42. Ke4 Rd4+ 43. Ke3 Rd8 44. Ke4 Bc3 45. g4 Rd4+ 46. Ke3 f5 47. gxf5 gxf5 48. Nf4 Rd6 49. Kf3 Bd2 50. Ne2 Kf6 51. Kg3 Ke5 52. f3 Be1+ 53. Kg2 Rd2 54. Kf1 Bh4 55. Bc6 Be7 56. Bb5 h5 57. Kg2 h4 58. Kf1 Bc5 59. Kg2 Be3 60. Kf1 f4 61. Kg2 Kd5 62. Kf1 Kc5 63. Kg2 Rb2 64. Kf1 Rxb5 65. axb5 Kxb5 66. Ke1 Kb4 67. Kd1 Kb3 0-1

[Event "Mittelfranken-ch HT 57th"]
[Site "Bechhofen"]
[Date "2008.03.19"]
[Round "3.13"]
[White "Hoffmann, Ayar"]
[Black "Boese, Klaus"]
[Result "0-1"]
[WhiteElo "1857"]
[BlackElo "1963"]
[PlyCount "50"]
[EventDate "2008.03.18"]
[EventType "swiss"]
[EventRounds "9"]
[EventCountry "GER"]
[SourceTitle "EXT 2011"]
[Source "ChessBase"]
[SourceDate "2010.11.26"]
[SourceVersion "1"]
[SourceVersionDate "2010.11.26"]
[SourceQuality "1"]

1. e4 b6 2. g3 Bb7 3. Bg2 g6 4. f4 f5 5. d3 Bg7 6. Qe2 fxe4 7. dxe4 e5 8. fxe5 Nc6 9. Nf3 Nxe5 10. 0-0 Qe7 11. a4 a5 12. Nxe5 Bxe5 13. Re1 Nf6 14. c3 Ba6 15. Qc2 Ng4 16. Bf3 h5 17. Bxg4 hxg4 18. Be3 Rh3 19. Qf2 0-0-0 20. Nd2 Rf8 21. Qg2 Rfh8 22. Nf1 Bxf1 23. Rxf1 Rxh2 24. Qxh2 Rxh2 25. Kxh2 Qh4+ 0-1

[Event "Regionalliga NO 0708"]
[Site "Bayern"]
[Date "2008.03.09"]
[Round "7.6"]
[White "Hoffmann, Ayar"]
[Black "Brumm, Carsten"]
[Result "1/2-1/2"]
[WhiteElo "1857"]
[BlackElo "2173"]
[PlyCount "35"]
[EventDate "2007.10.21"]
[EventType "team-tourn"]
[EventRounds "9"]
[EventCountry "GER"]
[SourceTitle "EXT 2009"]
[Source "ChessBase"]
[SourceDate "2008.11.26"]
[SourceVersion "1"]
[SourceVersionDate "2008.11.26"]
[SourceQuality "1"]
[WhiteTeam "Postbauer"]
[BlackTeam "Erlangen"]
[WhiteTeamCountry "GER"]
[BlackTeamCountry "GER"]

1. e4 c5 2. Nf3 Nc6 3. d4 cxd4 4. Nxd4 Nf6 5. Nxc6 bxc6 6. Bd3 e5 7. 0-0 Be7 8. c4 0-0 9. Nc3 d6 10. h3 Be6 11. Qe2 Nd7 12. Rd1 Qc7 13. Be3 f5 14. exf5 Bxf5 15. Rac1 Bxd3 16. Qxd3 Nf6 17. b3 Rad8 18. Ne4 1/2-1/2

[Event "Nuremberg LGA Cup 4th"]
[Site "Nuremberg"]
[Date "2007.09.06"]
[Round "1"]
[White "Eichler, Christoph"]
[Black "Hoffmann, Ayar"]
[Result "1-0"]
[WhiteElo "2320"]
[BlackElo "1855"]
[PlyCount "52"]
[EventDate "2007.09.06"]
[EventType "swiss"]
[EventRounds "7"]
[EventCountry "GER"]
[SourceTitle "CBM 120 Extra"]
[Source "ChessBase"]
[SourceDate "2007.11.01"]
[SourceVersion "1"]
[SourceVersionDate "2007.11.01"]
[SourceQuality "1"]

1. e4 c5 2. Nf3 Nc6 3. Bb5 a6 4. Bxc6 bxc6 5. 0-0 d5 6. e5 Bg4 7. d3 e6 8. Re1 Be7 9. Nbd2 h5 10. h3 Bf5 11. Nb3 g5 12. Nh2 g4 13. hxg4 hxg4 14. Bf4 Bg5 15. Bg3 Bh4 16. Qe2 Bxg3 17. fxg3 Qb6 18. Qf2 d4 19. Nd2 Qd8 20. Qf4 Nh6 21. Nc4 Ke7 22. Nf1 Qg8 23. Nfd2 Qg6 24. Nb3 Rh7 25. Nxc5 Rah8 26. Qxd4 Qg8 1-0

[Event "Mittelfrankenliga-B2b 0607"]
[Site "Mittelfranken"]
[Date "2006.12.03"]
[Round "3.4"]
[White "Hoffmann, Ayar"]
[Black "Braun, Robert"]
[Result "1/2-1/2"]
[WhiteElo "1858"]
[BlackElo "1870"]
[PlyCount "32"]
[EventDate "2006.10.22"]
[EventType "team-tourn"]
[EventRounds "9"]
[EventCountry "GER"]
[SourceTitle "EXT 2011"]
[Source "ChessBase"]
[SourceDate "2010.11.26"]
[SourceVersion "1"]
[SourceVersionDate "2010.11.26"]
[SourceQuality "1"]
[WhiteTeam "Postbauer II"]
[BlackTeam "Buechenbach/Roth"]
[WhiteTeamCountry "GER"]
[BlackTeamCountry "GER"]

1. Nf3 b6 2. e4 Bb7 3. d3 e6 4. Be2 d5 5. exd5 exd5 6. d4 Nf6 7. Bg5 Be7 8. 0-0 0-0 9. Re1 c5 10. Nbd2 Nc6 11. Nf1 Re8 12. Bb5 Ne4 13. Bxe7 Qxe7 14. c3 Rad8 15. Qa4 Qf6 16. Re2 Re7 1/2-1/2

[Event "Mittelfrankenliga-B2b 0607"]
[Site "Mittelfranken"]
[Date "2006.10.22"]
[Round "1.4"]
[White "Hoffmann, Ayar"]
[Black "Leibing, Kai Ingo"]
[Result "1/2-1/2"]
[WhiteElo "1858"]
[BlackElo "1900"]
[PlyCount "38"]
[EventDate "2006.10.22"]
[EventType "team-tourn"]
[EventRounds "9"]
[EventCountry "GER"]
[SourceTitle "EXT 2011"]
[Source "ChessBase"]
[SourceDate "2010.11.26"]
[SourceVersion "1"]
[SourceVersionDate "2010.11.26"]
[SourceQuality "1"]
[WhiteTeam "Postbauer II"]
[BlackTeam "Nuernberg SK 1911 II"]
[WhiteTeamCountry "GER"]
[BlackTeamCountry "GER"]

1. e4 d6 2. g3 Nf6 3. Bg2 c6 4. d4 e6 5. Nc3 Be7 6. f4 Nbd7 7. Nf3 0-0 8. 0-0 c5 9. e5 Ng4 10. dxc5 dxe5 11. b4 exf4 12. h3 Bf6 13. Qe1 Ne3 14. Bxe3 fxe3 15. Qxe3 a5 16. a3 Qc7 17. g4 Ne5 18. Nxe5 Qxe5 19. Ne4 Be7 1/2-1/2

[Event "Nuremberg LGA Cup 2nd"]
[Site "Nuremberg"]
[Date "2005.09.11"]
[Round "6.31"]
[White "Puehn, Georg"]
[Black "Hoffmann, Ayar"]
[Result "1-0"]
[WhiteElo "1900"]
[BlackElo "1855"]
[PlyCount "106"]
[EventDate "2005.09.08"]
[EventType "swiss"]
[EventRounds "7"]
[EventCountry "GER"]
[SourceTitle "EXT 2022"]
[Source "ChessBase"]
[SourceDate "2021.10.06"]
[SourceVersion "1"]
[SourceVersionDate "2021.10.06"]
[SourceQuality "1"]

1. e4 c5 2. Nf3 d6 3. Bb5+ Bd7 4. Bxd7+ Qxd7 5. 0-0 g6 6. c3 e5 7. d4 Bg7 8. Be3 b6 9. Qb3 Ne7 10. Rd1 Qc6 11. Nbd2 0-0 12. dxe5 dxe5 13. Bg5 Re8 14. Nc4 Nc8 15. Rd5 f6 16. Bh4 Qe6 17. Rad1 Nc6 18. Rd6 Nxd6 19. Rxd6 Qf7 20. Rxc6 Rad8 21. h3 Kh8 22. Ne3 Rd7 23. Bg3 f5 24. Qxf7 Rxf7 25. Ng5 Rff8 26. exf5 gxf5 27. Bh4 h6 28. Ne6 Rf7 29. Nxg7 Kxg7 30. Nd5 f4 31. f3 Rd7 32. c4 e4 33. fxe4 Rxe4 34. Kf2 Rxc4 35. Nf6 Rf7 36. Nh5+ Kh7 37. Kf3 Rc2 38. Nf6+ Kg7 39. Nh5+ Kh7 40. Nf6+ Kg7 41. Ne4 Kh7 42. Bf6 Rd7 43. Bc3 Rf7 44. Nf6+ Kg6 45. Ng4+ Kg5 46. Nxh6 Rd7 47. h4+ Kxh4 48. Nf5+ Kg5 49. Nd6 Kh5 50. Ne4 Rd3+ 51. Kxf4 Rxg2 52. Rc7 Kh4 53. Be1+ Kh3 1-0

[Event "Nuremberg LGA Cup 2nd"]
[Site "Nuremberg"]
[Date "2005.09.08"]
[Round "1.11"]
[White "Hoffmann, Ayar"]
[Black "Boidman, Yuri"]
[Result "0-1"]
[WhiteElo "1855"]
[BlackElo "2369"]
[PlyCount "58"]
[EventDate "2005.09.08"]
[EventType "swiss"]
[EventRounds "7"]
[EventCountry "GER"]
[SourceTitle "EXT 2022"]
[Source "ChessBase"]
[SourceDate "2021.10.06"]
[SourceVersion "1"]
[SourceVersionDate "2021.10.06"]
[SourceQuality "1"]

1. e4 d5 2. exd5 Nf6 3. Nc3 Nxd5 4. Nxd5 Qxd5 5. Nf3 Bg4 6. Be2 Nc6 7. 0-0 0-0-0 8. c3 e5 9. b4 e4 10. Ne1 Bxe2 11. Qxe2 Bd6 12. f3 Qh5 13. g4 exf3 14. Qe6+ fxe6 15. gxh5 e5 16. d3 e4 17. dxe4 Be5 18. Rxf3 Rd1 19. Bb2 Rd2 20. Rf2 Rxf2 21. Kxf2 Nxb4 22. Ke3 Rd8 23. a3 Nc6 24. Nf3 Bf6 25. Rg1 Na5 26. Nd2 h6 27. Ke2 b5 28. Rf1 Rxd2+ 29. Kxd2 Nc4+ 0-1